| 000 | 01591cam a2200361 a 4500 | ||
|---|---|---|---|
| 001 | 2580504 | ||
| 003 | EG-ScBUE | ||
| 005 | 20250326093717.0 | ||
| 008 | 960724t1997 nyuab f b 001 0 eng d | ||
| 020 | _a047116660X (alk. paper) | ||
| 020 | _a9780471166603 (alk. paper) | ||
| 040 |
_aEG-ScBUE _beng _erda _cEG-ScBUE _dEG-ScBUE |
||
| 082 | 0 | 4 |
_a526.1 _222 _bSMI |
| 100 | 1 |
_aSmith, James R. _q(James Raymond), _d1935- _eauthor. _924688 |
|
| 245 | 1 | 0 |
_aIntroduction to geodesy : _bthe history and concepts of modern geodesy / _cJames R. Smith. |
| 264 | 1 |
_aNew York : _bJohn Wiley & sons, Inc., _c[1997] |
|
| 264 | 4 | _cc1997 | |
| 300 |
_axv, 224 pages : _billustrations, maps ; _c24 cm. |
||
| 336 |
_2rdacontent _atext _btxt |
||
| 337 |
_aunmediated _2rdamedia _bn |
||
| 338 |
_avolume _bnc _2rdacarrier |
||
| 490 | 0 | _aWiley series in surveying and boundary control | |
| 500 | _a"A Wiley-Interscience publication." | ||
| 504 | _aIncludes bibliographical references and index. | ||
| 650 | 7 |
_aGeodesy. _924689 _2BUEsh |
|
| 655 | _vReading book | ||
| 856 | 4 | 2 |
_3Contributor biographical information _uhttp://www.loc.gov/catdir/bios/wiley047/96033301.html |
| 856 | 4 | 2 |
_3Publisher description _uhttp://www.loc.gov/catdir/description/wiley031/96033301.html |
| 856 | 4 |
_3Table of Contents _uhttp://www.loc.gov/catdir/toc/onix01/96033301.html |
|
| 942 |
_2ddc _cBB |
||
| 999 |
_c15543 _d15543 |
||